Personální řízení I : vybrané kapitoly /

Hlavní autor: Gregar, Aleš, 1945-
Korporativní autor: Univerzita Tomáše Bati ve Zlíně. Fakulta managementu a ekonomiky
Jazyk: Čeština
Vydáno: Zlín : Univerzita Tomáše Bati ve Zlíně, 2007
Vydání: Vyd. 4., nezměn.
Témata:
Externí odkaz: Digitalizovaný dokument
Fyzický popis: 163 s. ; 30 cm
Knihy
Uloženo v:
LEADER 01595nam a2200409 a 4500
001 nkc20071712010
003 CZ PrNK
005 20070528094119.0
007 ta
008 070312s2007 xr e p 000 0 cze
015 |a cnb001712010 
020 |a 978-80-7318-551-0  |q (brož.) 
035 |a (OCoLC)124092187 
040 |a BOA001  |b cze 
072 7 |a 005  |x Management. Řízení  |2 Konspekt  |9 4 
072 7 |a 37.016  |x Učební osnovy. Vyučovací předměty. Učebnice  |2 Konspekt  |9 22 
080 |a 005.95/.96  |2 MRF 
080 |a (075.8)  |2 MRF 
100 1 |a Gregar, Aleš,  |d 1945-  |7 mzk2002102593  |4 aut 
245 1 0 |a Personální řízení I :  |b vybrané kapitoly /  |c Aleš Gregar 
250 |a Vyd. 4., nezměn. 
260 |a Zlín :  |b Univerzita Tomáše Bati ve Zlíně,  |c 2007 
300 |a 163 s. ;  |c 30 cm 
500 |a Nad názvem: Univerzita Tomáše Bati ve Zlíně, Fakulta managementu a ekonomiky 
500 |a 50 výt. 
504 |a Obsahuje bibliografii 
650 0 7 |a personální management  |7 ph115721  |2 czenas 
650 0 9 |a personnel management  |2 eczenas 
655 7 |a učebnice vysokých škol  |7 fd133772  |2 czenas 
655 9 |a textbooks (higher)  |2 eczenas 
710 2 |a Univerzita Tomáše Bati ve Zlíně.  |b Fakulta managementu a ekonomiky  |7 kn20010709196 
856 4 1 |u http://www.digitalniknihovna.cz/mzk/uuid/uuid:7c6dd760-0733-11e8-b1a1-005056827e52  |y Digitalizovaný dokument  |x NDK 
910 2 |a BOA001  |b 3-1183.248 
990 |a BK 
995 |a 01 
991 |b 200703  |c NOV 
996 6 |b 2610304757  |c 3-1183.248  |l MZK  |r Sklad / do 1 hodiny  |n 5  |p p.v.  |w 000844356  |u 000010  |a 1  |e BOA001  |j MZK50  |s P